书目信息 |
| 题名: |
实现螺栓可靠装配的10个步骤
|
|
| 作者: | 斯恰兹 著 ;朱正德 , 郭林健 译 | |
| 分册: | ||
| 出版信息: | 北京 机械工业出版社 2010.01 |
|
| 页数: | 160页 | |
| 开本: | 21cm | |
| 丛书名: | ||
| 单 册: | ||
| 中图分类: | TH131.3 | |
| 科图分类: | ||
| 主题词: | 螺栓--联结 | |
| 电子资源: | ||
| ISBN: | 978-7-111-28974-6 | |
| 000 | 01039nam0 2200265 450 | |
| 001 | 004339919 | |
| 005 | 20100811160949.03 | |
| 010 | @a978-7-111-28974-6@dCNY39.80 | |
| 090 | @aTH131@bsqz | |
| 100 | @a20100515d2010 em y0chiy50 ea | |
| 101 | 1 | @achi@cger |
| 102 | @aCN@b110000 | |
| 105 | @aa z 000yy | |
| 200 | 1 | @a实现螺栓可靠装配的10个步骤@Ashi xian luo shuan ke kao zhuang pei de 10 ge bu zhou@f(德) Volker Schatz著@F(de)Volker Schatz zhu@g朱正德, 郭林健等译@Gzhu zheng de,guo lin jian deng yi |
| 210 | @a北京@c机械工业出版社@d2010.01 | |
| 215 | @a160页@c图@d21cm | |
| 314 | @a责任者汉译姓取自版权页 | |
| 330 | @a本书介绍了对装配程序中所有因素都有影响的10个步骤,并对影响螺栓连接紧固质量的因果关系进行了分析和研究。这10个步骤可制作成步骤检查表,用于监测在螺栓接头紧固过程中所实施的方法的完善程度。 | |
| 606 | 0 | @a螺栓@x联结 |
| 690 | @aTH131.3@v4 | |
| 701 | 1 | @a斯恰兹@g(Schatz, Volker)@4著 |
| 702 | 0 | @a朱正德@Azhu zheng de@4译 |
| 702 | 0 | @a郭林健@Aguo lin jian@4译 |
| 801 | @c20100515 | |
| 905 | @dTH131.3@eS709@f5 | |
| 实现螺栓可靠装配的10个步骤/(德) Volker Schatz著/朱正德, 郭林健等译.-北京:机械工业出版社,2010.01 |
| 160页:图;21cm |
| ISBN 978-7-111-28974-6:CNY39.80 |
| 本书介绍了对装配程序中所有因素都有影响的10个步骤,并对影响螺栓连接紧固质量的因果关系进行了分析和研究。这10个步骤可制作成步骤检查表,用于监测在螺栓接头紧固过程中所实施的方法的完善程度。 |
| ● |
| 相关链接 |
|
|
|
正题名:实现螺栓可靠装配的10个步骤
索取号:TH131.3/S709
 
预约/预借
| 序号 | 登录号 | 条形码 | 馆藏地/架位号 | 状态 | 备注 |
| 1 | 1024910 | 210249104 | 期刊室512/501自科库 37排3列1层/ [索取号:TH131.3/S709] | 在馆 | |
| 2 | 1024911 | 210249113 | 自科库501/501自科库 37排2列4层/ [索取号:TH131.3/S709] | 在馆 | |
| 3 | 1024912 | 210249122 | 期刊室512/501自科库 37排3列1层/ [索取号:TH131.3/S709] | 在馆 | |
| 4 | 1024913 | 210249131 | 期刊室512/501自科库 37排3列1层/ [索取号:TH131.3/S709] | 在馆 | |
| 5 | 1024914 | 210249140 | 自科库501/501自科库 37排2列4层/ [索取号:TH131.3/S709] | 在馆 |